[Event "corr RemoteSchachS7E adv-131"]
[Site "www.remoteschach.de"]
[Date "2013.03.22"]
[Round "?"]
[White "Quinones Borda, Jorge Victor"]
[Black "Hirsch, Hanns Rainer"]
[Result "1/2-1/2"]
[WhiteElo "2077"]
[BlackElo "2199"]
[PlyCount "87"]
[EventDate "2013.??.??"]
[EventType "tourn (corr)"]
[SourceTitle "OM Corr 202003"]
[Source "Opening Master"]
[SourceDate "2019.05.30"]
[SourceVersion "2"]
[SourceVersionDate "2019.05.30"]
[SourceQuality "1"]
[BlackTeam "Germany"]
[BlackTeamCountry "GER"]

1. e4 e5 2. Nf3 Nc6 3. c3 d5 4. Qa4 Qd6 5. d3 Nf6 6. Nbd2 Bd7 7. Qc2 Be7 8. Be2
O-O 9. O-O a5 10. exd5 Nxd5 11. Nc4 Qe6 12. Re1 f6 13. d4 e4 14. Bf1 f5 15. a4
h6 16. Nfe5 Nxe5 17. Nxe5 Bf6 18. Ng6 Rfe8 19. Bc4 c6 20. Nf4 Qf7 21. Qb3 Be6
22. Nxe6 Qxe6 23. f3 Re7 24. Bd2 Qd7 25. fxe4 fxe4 26. Re2 Rae8 27. Rf1 e3 28.
Be1 Rf7 29. Bg3 Bg5 30. Rxf7 Qxf7 31. Re1 Re6 32. h3 Re7 33. Rf1 Qe6 34. Qc2
Rf7 35. Qe2 Rxf1+ 36. Qxf1 h5 37. Qf3 h4 38. Be5 Qg6 39. Qg4 Kh7 40. Qe2 Kh6
41. Bd3 Qf7 42. c4 Nb6 43. Qg4 g6 44. Qf3 1/2-1/2

[Event "Zonal Sub-14 Femenino Zona Centro"]
[Site "?"]
[Date "2013.03.22"]
[Round "?"]
[White "Velasquez, Angie Gabriela"]
[Black "Diaz, Luisa Fernanda"]
[Result "0-1"]
[WhiteElo "1859"]
[BlackElo "1464"]
[PlyCount "59"]
[EventDate "2013.??.??"]
[SourceTitle "OM OTB B 201907"]
[Source "Opening Master"]
[SourceDate "2019.07.06"]
[SourceVersion "2"]
[SourceVersionDate "2019.07.06"]
[SourceQuality "1"]

1. e4 e5 2. Nf3 Nc6 3. c3 Bc5 4. Qc2 Nf6 5. Be2 d6 6. d3 Be6 7. O-O Ne7 8. a4
Ng6 9. b4 Bb6 10. a5 Bxa5 11. Rxa5 O-O 12. Be3 Ng4 13. Bd2 Nh4 14. h3 Nxf3+ 15.
Bxf3 Nf6 16. Be3 Qd7 17. Kh2 c6 18. d4 b6 19. Ra3 d5 20. dxe5 Nxe4 21. Bxe4
dxe4 22. Qxe4 f5 23. exf6 Rxf6 24. Bd4 Bd5 25. Qe3 Rg6 26. Rg1 Qc7+ 27. g3 Rf8
28. Nd2 c5 29. Bxc5 bxc5 30. Qe2 0-1

[Event "FICS rated standard game"]
[Site "FICS freechess.org"]
[Date "2013.03.22"]
[Round "?"]
[White "sonoffischer"]
[Black "Chumby"]
[Result "1-0"]
[WhiteElo "2210"]
[BlackElo "2186"]
[PlyCount "75"]
[EventDate "2013.??.??"]
[SourceTitle "OM Portal C 201906"]
[Source "Opening Master"]
[SourceDate "2019.06.27"]
[SourceVersion "1"]
[SourceVersionDate "2019.06.27"]
[SourceQuality "1"]

1. e4 e5 2. Nf3 Nc6 3. c3 d5 4. Qa4 Bd7 5. exd5 Nd4 6. Qd1 Nxf3+ 7. Qxf3 Nf6 8.
Bc4 Bc5 9. d3 O-O 10. Bg5 b5 11. Bb3 Bg4 12. Bxf6 Qxf6 13. Qxf6 gxf6 14. Nd2 a5
15. Bd1 Bxd1 16. Ne4 Be7 17. Rxd1 a4 18. Ke2 Rfd8 19. c4 bxc4 20. dxc4 Rab8 21.
Rd2 Rb4 22. Rc2 Rdb8 23. Rb1 f5 24. Ng3 f4 25. Nf5 Bc5 26. Kd3 R4b6 27. f3 Ba3
28. c5 R6b7 29. Ne7+ Kg7 30. Nc6 Re8 31. b4 axb3 32. axb3 Ra8 33. Ra2 f5 34.
Kc4 Kh6 35. b4 Ra6 36. Rb3 e4 37. Raxa3 Rxa3 38. Rxa3 1-0

[Event "SN-2013-0-00496"]
[Site "Lechenicher SchachServer"]
[Date "2013.03.18"]
[Round "?"]
[White "Ochoa, Fernandez"]
[Black "Linart, Ludvík"]
[Result "1-0"]
[WhiteElo "1198"]
[BlackElo "869"]
[PlyCount "64"]
[EventDate "2013.02.25"]

1. e4 e5 2. Nf3 Nc6 3. c3 Nf6 4. d4 exd4 5. e5 Ng4 6. cxd4 Bb4+ 7. Nc3 O-O 8.
h3 Nh6 9. Bxh6 gxh6 10. Bd3 d6 11. Qc1 dxe5 12. Qxh6 f5 13. Bc4+ Kh8 14. dxe5
Qe7 15. Qf4 Bd7 16. O-O Bxc3 17. bxc3 Rae8 18. Rfd1 Be6 19. Bd5 Bxd5 20. Rxd5
Qe6 21. Rad1 Re7 22. g3 Rg7 23. Ng5 Qg6 24. Nf3 Re7 25. Rd7 Rxd7 26. Rxd7 Rf7
27. Nh4 Qe6 28. Rxf7 Qxf7 29. Nxf5 Qe6 30. Nd4 Qe7 31. Nxc6 bxc6 32. Qf5 Kg7
1-0

[Event "SN-2013-0-00496"]
[Site "Lechenicher SchachServer"]
[Date "2013.03.18"]
[Round "?"]
[White "Ochoa, Fernandez"]
[Black "Tolnai, Rudolf"]
[Result "1-0"]
[WhiteElo "1198"]
[BlackElo "964"]
[PlyCount "29"]
[EventDate "2013.02.25"]

1. e4 e5 2. Nf3 Nc6 3. c3 Bc5 4. d4 exd4 5. cxd4 Bb4+ 6. Nc3 a6 7. d5 Nce7 8.
Qd4 Bxc3+ 9. Qxc3 Nf6 10. Bg5 Nxe4 11. Qxg7 Rf8 12. Bd3 Nxg5 13. Nxg5 h5 14.
Nh7 Rg8 15. Nf6# 1-0

[Event "Regionalliga NW 1213"]
[Site "Bayern"]
[Date "2013.03.17"]
[Round "8.1"]
[White "Ostermeyer, Peter"]
[Black "Scheringer, Dietrich"]
[Result "1/2-1/2"]
[WhiteElo "2294"]
[BlackElo "1995"]
[PlyCount "97"]
[EventDate "2012.10.14"]
[EventType "team"]
[EventRounds "9"]
[EventCountry "GER"]
[SourceTitle "EXT 2015"]
[Source "ChessBase"]
[SourceDate "2014.11.20"]
[SourceVersion "1"]
[SourceVersionDate "2014.11.20"]
[SourceQuality "1"]
[WhiteTeam "Rottendorf"]
[BlackTeam "Coburg"]
[WhiteTeamCountry "GER"]
[BlackTeamCountry "GER"]

1. e4 e5 2. Nf3 Nc6 3. c3 d6 4. d4 Bd7 5. Bc4 Qe7 6. O-O h6 7. b4 g5 8. b5 Na5
9. Bd3 f6 10. Ba3 b6 11. Bb4 Nb7 12. a4 Bg7 13. Nbd2 Qf7 14. Nc4 Ne7 15. Ne3
O-O 16. Bc4 Be6 17. Bxe6 Qxe6 18. Nd2 f5 19. d5 Qg6 20. exf5 Nxf5 21. Nxf5 Qxf5
22. Qe2 Nd8 23. a5 Nf7 24. Ne4 Nh8 25. f3 Ng6 26. g3 Qd7 27. c4 Ne7 28. Be1 Qf5
29. Kg2 Qg6 30. Bf2 Nf5 31. Ra3 Rae8 32. axb6 axb6 33. g4 Nd4 34. Bxd4 exd4 35.
Qd3 Qf7 36. Ra2 Qf4 37. Re2 h5 38. gxh5 g4 39. Ng3 gxf3+ 40. Rxf3 Qg4 41. Rxf8+
Rxf8 42. Re4 Qd7 43. Re6 Qf7 44. Qe4 Be5 45. Rg6+ Kh8 46. Rh6+ Kg8 47. Rg6+ Kh8
48. Rh6+ Kg8 49. Rg6+ 1/2-1/2

[Event "SVK-chT2C 1213"]
[Site "Slovakia"]
[Date "2013.03.16"]
[Round "10.3"]
[White "Pauco, Vladimir1"]
[Black "Zvarik, Martin"]
[Result "1/2-1/2"]
[WhiteElo "1823"]
[BlackElo "2222"]
[PlyCount "51"]
[EventDate "2012.10.13"]
[EventType "team-tourn"]
[EventRounds "11"]
[EventCountry "SVK"]
[SourceTitle "OM OTB B 201907"]
[Source "Opening Master"]
[SourceDate "2019.07.06"]
[SourceVersion "2"]
[SourceVersionDate "2019.07.06"]
[SourceQuality "1"]

1. e4 e5 2. Nf3 Nc6 3. c3 d6 4. d4 Bg4 5. Bb5 a6 6. Bxc6+ bxc6 7. dxe5 dxe5 8.
Qxd8+ Rxd8 9. Be3 f5 10. exf5 e4 11. h3 exf3 12. hxg4 fxg2 13. Rg1 h5 14. gxh5
Rxh5 15. Nd2 Ne7 16. O-O-O Nxf5 17. Rxg2 Nxe3 18. fxe3 Rd6 19. Nc4 Re6 20. Rd3
g5 21. Rgd2 Be7 22. Kc2 g4 23. Rd4 Rg5 24. Rg2 g3 25. Rf4 Rh6 26. Re4 1/2-1/2

[Event "FICGS__CHESS__CLASS_F__000126"]
[Site "FICGS"]
[Date "2013.03.16"]
[Round "1"]
[White "Melquiades, Jay"]
[Black "Häkkinen, Jorma"]
[Result "0-1"]
[WhiteElo "982"]
[BlackElo "1091"]
[PlyCount "58"]
[EventDate "2013.??.??"]

1. e4 e5 2. Nf3 Nc6 3. c3 Nf6 4. d3 Bc5 5. Be3 Bxe3 6. fxe3 O-O 7. Nbd2 d6 8.
d4 exd4 9. Nxd4 Nxd4 10. cxd4 Re8 11. e5 dxe5 12. Qb3 exd4 13. Bc4 Be6 14.
O-O-O b6 15. Bxe6 Rxe6 16. exd4 Qxd4 17. Nc4 Qf4+ 18. Kb1 Rae8 19. Rhf1 Qxh2
20. Nd2 Qxg2 21. Nf3 Re2 22. Rd2 Qxf1+ 23. Rd1 Qf2 24. Ng5 Qf5+ 25. Qd3 Qxg5
26. Rf1 Re1+ 27. Rxe1 Rxe1+ 28. Kc2 Qc1+ 29. Kb3 Re3 0-1

[Event "FICS rated standard game"]
[Site "FICS freechess.org"]
[Date "2013.03.16"]
[Round "?"]
[White "DarthSchmidt"]
[Black "diegodon"]
[Result "0-1"]
[WhiteElo "2062"]
[BlackElo "2070"]
[PlyCount "60"]
[EventDate "2013.??.??"]
[SourceTitle "OM Portal C 201906"]
[Source "Opening Master"]
[SourceDate "2019.06.27"]
[SourceVersion "1"]
[SourceVersionDate "2019.06.27"]
[SourceQuality "1"]

1. e4 e5 2. Nf3 Nc6 3. c3 d5 4. Qa4 Qd6 5. exd5 Qxd5 6. Bc4 Qe4+ 7. Kf1 Be6 8.
d3 Bxc4 9. Qxc4 Qxc4 10. dxc4 O-O-O 11. Be3 f6 12. h4 Nge7 13. Ke2 Nf5 14. Bd2
h5 15. b4 Nd6 16. Na3 Ne4 17. Nc2 Rxd2+ 18. Nxd2 Nxc3+ 19. Kf3 Nxb4 20. Nxb4
Bxb4 21. Nb3 Rd8 22. g3 Rd3+ 23. Kg2 a6 24. Rhc1 Nxa2 25. Rxa2 Rxb3 26. c5 a5
27. c6 b5 28. Rd1 Rc3 29. Rd7 Rxc6 30. Rxg7 Bc3 0-1

[Event "corr RSX-4-Jahreszeiten: Frühling 2013"]
[Site "www.remoteschach.de"]
[Date "2013.03.15"]
[Round "?"]
[White "Quinones Borda, Jorge Victor"]
[Black "Wittal, Werner"]
[Result "1/2-1/2"]
[WhiteElo "2249"]
[BlackElo "2332"]
[PlyCount "82"]
[EventDate "2013.??.??"]
[EventType "tourn (corr)"]
[SourceTitle "OM Corr 202003"]
[Source "Opening Master"]
[SourceDate "2019.05.30"]
[SourceVersion "2"]
[SourceVersionDate "2019.05.30"]
[SourceQuality "1"]

1. e4 e5 2. Nf3 Nc6 3. c3 Nf6 4. d4 Nxe4 5. d5 Ne7 6. Nxe5 Ng6 7. Qf3 Nf6 8.
Nxg6 hxg6 9. Be3 Be7 10. Nd2 d6 11. h3 Bg4 12. Qf4 Bd7 13. Bc4 a5 14. a4 g5 15.
Qd4 g4 16. O-O-O gxh3 17. Be2 c5 18. dxc6 bxc6 19. Nc4 d5 20. Ne5 Bd6 21. Nxd7
Qxd7 22. Rxh3 Rxh3 23. gxh3 Qxh3 24. Qb6 Qd7 25. Rh1 Ke7 26. Bd3 Rb8 27. Qxa5
Qb7 28. b4 Ra8 29. Qb6 Qxb6 30. Bxb6 Rxa4 31. Kb2 Ra8 32. Re1+ Kf8 33. Bd4 Re8
34. Ra1 Ne4 35. Ra6 Rc8 36. Kc2 c5 37. Be3 Ke7 38. b5 c4 39. Bxe4 dxe4 40. b6
Rb8 41. Ra4 Rc8 1/2-1/2

[Event "corr RSX-4-Jahreszeiten: Frühling 2013"]
[Site "www.remoteschach.de"]
[Date "2013.03.15"]
[Round "?"]
[White "Quinones Borda, Jorge Victor"]
[Black "Milde, Lars"]
[Result "1-0"]
[WhiteElo "2352"]
[BlackElo "2332"]
[PlyCount "91"]
[EventDate "2013.??.??"]
[EventType "tourn (corr)"]
[SourceTitle "OM Corr 202003"]
[Source "Opening Master"]
[SourceDate "2019.05.30"]
[SourceVersion "2"]
[SourceVersionDate "2019.05.30"]
[SourceQuality "1"]

1. e4 e5 2. Nf3 Nc6 3. c3 Nf6 4. d4 Nxe4 5. d5 Ne7 6. Nxe5 Ng6 7. Qf3 Nf6 8.
Nxg6 hxg6 9. Be3 Rh5 10. g4 Rxd5 11. Nd2 d6 12. h3 Be6 13. c4 Ra5 14. Bg2 d5
15. O-O c6 16. Rfe1 Qd7 17. Nb3 Ra4 18. cxd5 Nxd5 19. Nc5 Bxc5 20. Bxc5 O-O-O
21. b3 Ra5 22. b4 Ra4 23. a3 a5 24. Bf1 b6 25. Qb3 b5 26. bxa5 Rh8 27. Rad1 Rd8
28. a6 Rxa6 29. Rd4 Qb7 30. Qb2 Ra5 31. Rc1 Ra6 32. Qe2 Qc7 33. Qc2 Kd7 34. a4
Rxa4 35. Rxa4 bxa4 36. Qxa4 Ke8 37. Re1 Nf4 38. Qe4 Nd5 39. Qf3 Qd7 40. Bd3 Nf6
41. Bc2 Ra8 42. Qc3 Kd8 43. Rd1 Bd5 44. g5 Ne8 45. Be4 Nc7 46. Bb6 1-0

[Event "SB-2013-0-00295"]
[Site "Lechenicher SchachServer"]
[Date "2013.03.13"]
[Round "?"]
[White "Bukharin, Alexey"]
[Black "Herzog, Klaus"]
[Result "1/2-1/2"]
[WhiteElo "1927"]
[BlackElo "1828"]
[PlyCount "74"]
[EventDate "2013.02.17"]
[EventType "swiss"]

1. e4 e5 2. Nf3 Nc6 3. c3 d5 4. Qa4 f6 5. Bb5 Nge7 6. exd5 Qxd5 7. d4 Bg4 8. c4
Qe4+ 9. Be3 Bxf3 10. Nd2 Qg6 11. gxf3 exd4 12. Bxd4 a6 13. O-O-O O-O-O 14. Be3
axb5 15. Qa8+ Nb8 16. Ne4 Nec6 17. cxb5 f5 18. Kb1 Rxd1+ 19. Rxd1 b6 20. Rc1
Ne5 21. Qa7 Qf7 22. Ng5 Qd7 23. Bxb6 c6 24. Qa4 Be7 25. bxc6 Nexc6 26. Nf7 Qd3+
27. Ka1 Kb7 28. Nxh8 Kxb6 29. Nf7 Qd5 30. Qc4 Qxc4 31. Rxc4 Nd7 32. f4 Nc5 33.
Ne5 Bf6 34. Nxc6 Kxc6 35. Kb1 Kd5 36. Rb4 Nd3 37. Rb5+ Kc4 {Draw agreed}
1/2-1/2

[Event "Budapesti csapatbajnokság, I. osztály"]
[Site "Budapest"]
[Date "2013.03.10"]
[Round "9"]
[White "Kiss, Martin"]
[Black "Csetneki, Mark"]
[Result "1-0"]
[WhiteElo "1819"]
[BlackElo "1835"]
[PlyCount "79"]
[EventDate "2012.09.30"]
[EventType "tourn"]
[EventRounds "11"]
[EventCountry "HUN"]
[SourceTitle "OM OTB B 201907"]
[Source "Opening Master"]
[SourceDate "2019.07.06"]
[SourceVersion "2"]
[SourceVersionDate "2019.07.06"]
[SourceQuality "1"]

1. e4 e5 2. Nf3 Nc6 3. c3 g6 4. d4 exd4 5. cxd4 d6 6. Bc4 Bg7 7. Qb3 Qe7 8. O-O
Nh6 9. Re1 O-O 10. Bg5 Qd7 11. h3 Na5 12. Qb4 Nxc4 13. Qxc4 b5 14. Qc1 Ng4 15.
hxg4 Qxg4 16. Qxc7 h5 17. Be7 Re8 18. Nc3 Bd7 19. Qxd6 Rac8 20. Nh2 Qe6 21.
Qxe6 Bxe6 22. Bc5 a6 23. Nf3 f6 24. Rad1 g5 25. b4 Bd7 26. Nd5 Kf7 27. Nb6 Rcd8
28. Nxd7 Rxd7 29. a3 Kg6 30. e5 Rd5 31. exf6 Rxe1+ 32. Rxe1 Kxf6 33. Ne5 Kf5
34. Nc6 Kf6 35. Nb8 Kf5 36. Nxa6 Bxd4 37. Nc7 Rd7 38. Bxd4 Rxc7 39. Re5+ Kg4
40. Rxb5 1-0

[Event "Leipzig VfB op 20th"]
[Site "Leipzig"]
[Date "2013.03.09"]
[Round "7"]
[White "Didt, Hartmut"]
[Black "Bergmann, Thomas"]
[Result "0-1"]
[WhiteElo "1885"]
[BlackElo "1740"]
[PlyCount "86"]
[EventDate "2013.03.05"]
[EventType "swiss"]
[EventRounds "9"]
[EventCountry "GER"]
[SourceTitle "EXT 2014"]
[Source "ChessBase"]
[SourceDate "2013.11.20"]
[SourceVersion "1"]
[SourceVersionDate "2013.11.20"]
[SourceQuality "1"]

1. e4 e5 2. Nf3 Nc6 3. c3 d5 4. Qa4 f6 5. Bb5 Nge7 6. O-O dxe4 7. Qxe4 Be6 8.
d4 Qd5 9. Qxd5 Bxd5 10. dxe5 Bxf3 11. exf6 gxf6 12. gxf3 O-O-O 13. Bf4 Ne5 14.
Bxe5 fxe5 15. Na3 Nf5 16. Rfd1 Bxa3 17. bxa3 Nh4 18. Rxd8+ Rxd8 19. Be2 Rf8 20.
Re1 h6 21. Bd1 Nxf3+ 22. Bxf3 Rxf3 23. Rxe5 Rxc3 24. Rh5 Rc6 25. f4 Rf6 26. f5
b5 27. Kf2 Kd7 28. Ke3 Kd6 29. Ke4 c5 30. Rh3 c4 31. a4 b4 32. Kd4 c3 33. Kd3
Kd5 34. Kc2 a5 35. a3 Rxf5 36. axb4 axb4 37. a5 Rf2+ 38. Kc1 Kc4 39. a6 Rf6 40.
a7 Ra6 41. Rxh6 Rxa7 42. Kb1 Kb3 43. Rh3 Re7 0-1

[Event "FICGS__CHESS__RAPID_E__000099"]
[Site "FICGS"]
[Date "2013.03.09"]
[Round "1"]
[White "Melquiades, Jay"]
[Black "Bromo, Alexis"]
[Result "0-1"]
[WhiteElo "982"]
[BlackElo "1123"]
[PlyCount "64"]
[EventDate "2013.??.??"]
[EventType "rapid"]

1. e4 e5 2. Nf3 Nc6 3. c3 Nf6 4. h3 Bc5 5. d4 Bb6 6. Bb5 d6 7. Nbd2 Bd7 8. d5
Ne7 9. Bxd7+ Qxd7 10. Nc4 Nxe4 11. Ncxe5 Bxf2+ 12. Kf1 Nf5 13. Bf4 g5 14. g4
gxf4 15. Nxd7 Ne3+ 16. Ke2 Nxd1 17. Kxd1 Kxd7 18. Rh2 Rae8 19. Kc2 Bg3 20. Rd1
Bxh2 21. Nxh2 Nc5 22. Nf3 Re2+ 23. Rd2 Rhe8 24. Nd4 Rxd2+ 25. Kxd2 Ne4+ 26. Kd3
Nf2+ 27. Kc4 Nxh3 28. b4 Ng5 29. a4 f3 30. b5 f2 31. a5 f1=Q+ 32. Kb3 Re3 0-1

[Event "FICGS__CHESS__RAPID_E__000099"]
[Site "FICGS"]
[Date "2013.03.09"]
[Round "1"]
[White "Melquiades, Jay"]
[Black "Neil, Charlie"]
[Result "0-1"]
[WhiteElo "982"]
[BlackElo "1093"]
[PlyCount "42"]
[EventDate "2013.??.??"]
[EventType "rapid"]

1. e4 e5 2. Nf3 Nc6 3. c3 Nf6 4. h3 d5 5. d4 exd4 6. Nxd4 Nxd4 7. cxd4 c6 8. e5
Ne4 9. Qf3 Be6 10. Bd3 Bb4+ 11. Kf1 Qb6 12. Bxe4 dxe4 13. Qxe4 O-O 14. f4 Bd5
15. Qf5 Qxd4 16. Nd2 Bc4+ 17. Ke1 Bd3 18. Qg4 Rad8 19. a3 Qe3+ 20. Kd1 Bxd2 21.
Qh4 Qe2# 0-1

[Event "corr RemoteSchachS7E high-141"]
[Site "www.remoteschach.de"]
[Date "2013.03.08"]
[Round "?"]
[White "Traut, Gerhard"]
[Black "Rheinstaedtler, Klaus"]
[Result "0-1"]
[WhiteElo "2316"]
[BlackElo "2388"]
[PlyCount "42"]
[EventDate "2013.??.??"]
[EventType "tourn (corr)"]
[SourceTitle "OM Corr 202003"]
[Source "Opening Master"]
[SourceDate "2019.05.30"]
[SourceVersion "2"]
[SourceVersionDate "2019.05.30"]
[SourceQuality "1"]

1. e4 e5 2. Nf3 Nc6 3. c3 d5 4. Bb5 dxe4 5. Nxe5 Qd5 6. Qa4 Nge7 7. Nxc6 Nxc6
8. O-O Bd6 9. Re1 O-O 10. Rxe4 Ne5 11. Be2 Bc5 12. Rf4 Nd3 13. Bxd3 Qxd3 14.
Qe4 Qd8 15. Qc4 Qg5 16. Rf3 Bd6 17. g3 b5 18. Qf1 Bb7 19. d4 Qd5 20. Nd2 g5 21.
h3 f5 0-1

[Event "FICS rated standard game"]
[Site "FICS freechess.org"]
[Date "2013.03.06"]
[Round "?"]
[White "mefistogreek"]
[Black "Odir"]
[Result "1-0"]
[WhiteElo "2099"]
[BlackElo "2183"]
[PlyCount "117"]
[EventDate "2013.??.??"]
[SourceTitle "OM Portal C 201906"]
[Source "Opening Master"]
[SourceDate "2019.06.27"]
[SourceVersion "1"]
[SourceVersionDate "2019.06.27"]
[SourceQuality "1"]

1. e4 e5 2. Nf3 Nc6 3. c3 d5 4. exd5 Qxd5 5. c4 Qd8 6. Nc3 Nf6 7. d3 h6 8. h3
Bf5 9. Nh4 Bh7 10. Nf3 Qd7 11. Be3 O-O-O 12. Be2 Bxd3 13. Bxd3 Qxd3 14. Qxd3
Rxd3 15. Ke2 Rd8 16. Rad1 Be7 17. Nd5 Rhe8 18. h4 Ng4 19. h5 Nxe3 20. fxe3 f6
21. Nh4 Nb4 22. Nf5 Nxd5 23. cxd5 Bf8 24. e4 c6 25. d6 Rd7 26. Rd2 Red8 27.
Rhd1 b6 28. b4 a6 29. Ke3 Kb7 30. a4 c5 31. bxc5 bxc5 32. Rb2+ Kc6 33. Rdb1
Bxd6 34. Rb6+ Kc7 35. Nxg7 Re7 36. Nf5 Red7 37. Kd3 Be7+ 38. Kc4 Rd4+ 39. Nxd4
Rxd4+ 40. Kc3 Rxe4 41. Rb7+ Kd8 42. Rb8+ Kd7 43. R1b7+ Ke6 44. Re8 Rxa4 45.
Rbxe7+ Kf5 46. Rg7 Rd4 47. Rg6 a5 48. Rf8 Rd6 49. g4+ Ke4 50. Rxh6 a4 51. Rhxf6
Rd3+ 52. Kc4 a3 53. Rf2 Rd4+ 54. Kxc5 Ke3 55. R8f3+ Ke4 56. Rxa3 Rd5+ 57. Kc6
Rd8 58. h6 Rh8 59. g5 1-0

[Event "CZE-chT2D 1213"]
[Site "Czechia"]
[Date "2013.03.03"]
[Round "10.6"]
[White "Kratky, Josef"]
[Black "Just, Pavel"]
[Result "1/2-1/2"]
[WhiteElo "1977"]
[BlackElo "2053"]
[PlyCount "46"]
[EventDate "2012.10.14"]
[EventType "team-tourn"]
[EventRounds "11"]
[EventCountry "CZE"]
[SourceTitle "EXT 2016"]
[Source "ChessBase"]
[SourceDate "2015.10.10"]
[SourceVersion "1"]
[SourceVersionDate "2015.10.10"]
[SourceQuality "1"]
[WhiteTeam "Ceska Trebova"]
[BlackTeam "Polabiny III"]
[WhiteTeamCountry "CZE"]
[BlackTeamCountry "CZE"]

1. e4 e5 2. Nf3 Nc6 3. c3 d5 4. Qa4 dxe4 5. Nxe5 Qd5 6. Nxc6 bxc6 7. Bc4 Qd7 8.
O-O Nf6 9. d4 Be7 10. Re1 O-O 11. Bg5 Qg4 12. Bxf6 Bxf6 13. Nd2 c5 14. dxc5 Rb8
15. Bb3 e3 16. Qxg4 exf2+ 17. Kxf2 Bxg4 18. Nc4 Be6 19. Nd2 Bg4 20. Nf3 Bxf3
21. Kxf3 Rb5 22. Rad1 Rxc5 23. Rd7 g6 1/2-1/2

[Event "CZE-chT2D 1213"]
[Site "Czechia"]
[Date "2013.03.03"]
[Round "10.5"]
[White "Petuchov, Sergej"]
[Black "Holasek, Pavel"]
[Result "1/2-1/2"]
[WhiteElo "2163"]
[BlackElo "2048"]
[PlyCount "92"]
[EventDate "2012.10.14"]
[EventType "team-tourn"]
[EventRounds "11"]
[EventCountry "CZE"]
[SourceTitle "EXT 2016"]
[Source "ChessBase"]
[SourceDate "2015.10.10"]
[SourceVersion "1"]
[SourceVersionDate "2015.10.10"]
[SourceQuality "1"]
[WhiteTeam "Pardubice Rapid II"]
[BlackTeam "Usti nad Orlici"]
[WhiteTeamCountry "CZE"]
[BlackTeamCountry "CZE"]

1. e4 e5 2. Nf3 Nc6 3. c3 Nf6 4. d3 g6 5. b4 d6 6. b5 Nb8 7. Nbd2 Bg7 8. Be2
O-O 9. O-O Nbd7 10. a4 Nc5 11. Qc2 Ne6 12. Nc4 Kh8 13. Re1 Nh5 14. g3 f5 15.
exf5 gxf5 16. Nfxe5 Nxg3 17. fxg3 dxe5 18. Ba3 Rg8 19. Bh5 f4 20. Bf7 Ng5 21.
Bxg8 Nf3+ 22. Kf2 Nxe1 23. Rxe1 fxg3+ 24. hxg3 Kxg8 25. Qe2 Bh3 26. Qf3 Qf6 27.
Nxe5 Qxf3+ 28. Kxf3 Bxe5 29. Rxe5 Rd8 30. Ke3 Bd7 31. Kf4 Bh3 32. d4 a6 33. Kg5
Rd7 34. Kh6 Kf7 35. bxa6 bxa6 36. Ra5 Bg4 37. Rg5 Bd1 38. Rf5+ Ke6 39. Re5+ Kf6
40. Bc1 Bc2 41. a5 Bg6 42. Bf4 c6 43. Rc5 Be4 44. g4 Rb7 45. Be5+ Ke6 46. Bg3
Rb5 1/2-1/2

[Event "Verbandsliga Nord Baden 1213"]
[Site "Baden"]
[Date "2013.03.03"]
[Round "7.6"]
[White "Mueller, Jens"]
[Black "Kuci, Blerim"]
[Result "1/2-1/2"]
[WhiteElo "2031"]
[BlackElo "2209"]
[PlyCount "89"]
[EventDate "2012.10.21"]
[EventType "team-tourn"]
[EventRounds "9"]
[EventCountry "GER"]
[SourceTitle "EXT 2014"]
[Source "ChessBase"]
[SourceDate "2013.11.20"]
[SourceVersion "1"]
[SourceVersionDate "2013.11.20"]
[SourceQuality "1"]
[WhiteTeam "Weinheim"]
[BlackTeam "Hockenheim II"]
[WhiteTeamCountry "GER"]
[BlackTeamCountry "GER"]

1. e4 e5 2. Nf3 Nc6 3. c3 d6 4. d4 Bg4 5. Bb5 exd4 6. Qa4 Nge7 7. Nxd4 Bd7 8.
Nxc6 Bxc6 9. O-O Qd7 10. Bxc6 Nxc6 11. Be3 Be7 12. Nd2 O-O 13. Rad1 a6 14. Qc2
b5 15. f4 f5 16. Qb3+ Kh8 17. Qd5 Rae8 18. e5 Na5 19. Nf3 Nc4 20. Bc1 c6 21.
Qd3 Qa7+ 22. Kh1 Rd8 23. Qe2 Qd7 24. b3 Nb6 25. exd6 Bxd6 26. Ba3 Qc7 27. Bxd6
Rxd6 28. Qe5 Rfd8 29. Rxd6 Qxd6 30. Qxf5 Rf8 31. Qe5 Qd3 32. Re1 h6 33. Qd4
Qxd4 34. Nxd4 Rxf4 35. Nxc6 Rf2 36. Ra1 Nd5 37. Kg1 Rd2 38. c4 bxc4 39. bxc4
Ne3 40. Nb4 a5 41. Nc6 Nxc4 42. a4 Rd6 43. Na7 Rd2 44. Nc6 Rd6 45. Na7 1/2-1/2

[Event "XXII Weekend B"]
[Site "Ceriano Laghetto ITA"]
[Date "2013.03.03"]
[Round "4"]
[White "Scovazzi, Tullio"]
[Black "Podetti, Davide"]
[Result "0-1"]
[WhiteElo "1696"]
[BlackElo "1742"]
[PlyCount "78"]
[EventDate "2013.03.01"]
[SourceTitle "OM OTB B 201907"]
[Source "Opening Master"]
[SourceDate "2019.07.06"]
[SourceVersion "2"]
[SourceVersionDate "2019.07.06"]
[SourceQuality "1"]

1. e4 e5 2. Nf3 Nc6 3. c3 Nf6 4. d4 d6 5. dxe5 dxe5 6. Qxd8+ Kxd8 7. Bb5 Bd6 8.
Bg5 Bd7 9. Nbd2 Ke7 10. Nc4 h6 11. Bxf6+ gxf6 12. Nxd6 cxd6 13. O-O-O Rhg8 14.
Nh4 Rg4 15. g3 Rxe4 16. Rd2 Be6 17. f3 Rxh4 18. gxh4 d5 19. Rg1 Rc8 20. Kd1 a6
21. Bxc6 Rxc6 22. Rg8 Rc4 23. Rb8 Kd7 24. Rxb7+ Kc6 25. Rb4 Rxb4 26. cxb4 d4
27. a3 Kd5 28. Rc2 Kd6 29. Rg2 f5 30. Rg7 e4 31. fxe4 fxe4 32. Rh7 h5 33. Ke1
e3 34. Rxh5 d3 35. Rh6 f5 36. h5 Ke5 37. Rh8 d2+ 38. Ke2 Bc4+ 39. Kd1 Bb3+ 0-1

[Event "Steinfurt Bezirksliga 1213"]
[Site "Germany"]
[Date "2013.03.02"]
[Round "7.5"]
[White "Holtmannspoetter, Michael"]
[Black "Peters, Tobias"]
[Result "1/2-1/2"]
[WhiteElo "1585"]
[BlackElo "1481"]
[PlyCount "87"]
[EventDate "2012.09.22"]
[EventType "team-tourn"]
[EventRounds "9"]
[EventCountry "GER"]
[SourceTitle "OM OTB B 201907"]
[Source "Opening Master"]
[SourceDate "2019.07.06"]
[SourceVersion "2"]
[SourceVersionDate "2019.07.06"]
[SourceQuality "1"]

1. e4 e5 2. Nf3 Nc6 3. c3 Nf6 4. Qc2 Bc5 5. h3 O-O 6. a4 a5 7. Bc4 d6 8. d3 Be6
9. Nbd2 Nh5 10. Bxe6 fxe6 11. Nb3 Bb6 12. Bg5 Qe8 13. O-O-O Nf4 14. Bxf4 Rxf4
15. Rdf1 Ne7 16. Nbd2 Ng6 17. g3 Rf7 18. h4 Qd7 19. h5 Ne7 20. g4 Raf8 21. Qd1
c5 22. g5 Rf4 23. Rh3 Nc6 24. Nc4 Bc7 25. Ne3 d5 26. Ng2 R4f7 27. g6 Rf6 28.
gxh7+ Kh8 29. Ngh4 dxe4 30. Ng5 Ne7 31. Nxe4 Rf4 32. Ng2 Rxe4 33. dxe4 Qxd1+
34. Kxd1 Kxh7 35. Rd3 Ng8 36. f3 Rf7 37. Ke2 Nf6 38. Rh1 Kh6 39. Ne3 Nxh5 40.
Kf2 Kg6 41. Ng4 Nf4 42. Rdd1 Re7 43. c4 Kf7 44. Rd2 1/2-1/2